00401nam a2200121Ia 45000010005000000080041000050820028000461000027000742450110001012600024002119010029002359990015002643855241024s9999 xx 000 0 und d aRD/379.97293/F981c/2014 aFundación Sur Futuro 0aCogestión Pedagógica e Institucional Distrito Educativo 03-02de Padre Las Casa Informe Programático bSanto Domingoc2014 a17/11/2014 12:10:08 p.m. c8274d8274